书目信息 |
| 题名: |
反形而上学与现代美学精神
|
|
| 作者: | 金惠敏 著 | |
| 分册: | ||
| 出版信息: | 南宁 广西教育出版社 1997 |
|
| 页数: | 274页 | |
| 开本: | 20cm | |
| 丛书名: | 跨世纪学者丛书 | |
| 单 册: | ||
| 中图分类: | B0 , I01 , B83 | |
| 科图分类: | ||
| 主题词: | 美学--研究 , 文艺美学--研究 | |
| 电子资源: | ||
| ISBN: | 7-5435-2628-X | |
| 000 | 00749nam2 2200265 450 | |
| 001 | 1560457519 | |
| 005 | 20150131164758.18 | |
| 010 | @a7-5435-2628-X@b精装@dCNY20.00 | |
| 100 | @a20021005d1997 kemy0chiy0110 ea | |
| 101 | 0 | @achi |
| 102 | @aCN@b450000 | |
| 105 | @ay z 000yy | |
| 200 | 1 | @a反形而上学与现代美学精神@9fan xing er shang xue yu xian dai mei xue jing shen@f金惠敏著 |
| 210 | @a南宁@c广西教育出版社@d1997 | |
| 215 | @a274页@d20cm | |
| 225 | 2 | @a跨世纪学者丛书@h第一辑 |
| 461 | 0 | @12001 @a跨世纪学者丛书 |
| 606 | 0 | @a美学@x研究 |
| 606 | 0 | @a文艺美学@x研究 |
| 690 | @aB0@v5 | |
| 690 | @aI01@v5 | |
| 690 | @aB83@v4 | |
| 701 | 0 | @a金惠敏@9jin hui min@f(1961~)@4著 |
| 801 | 0 | @aCN@bTSSF@c20150131 |
| 905 | @aZUCC@dB83@eJY40 | |
| 反形而上学与现代美学精神/金惠敏著.-南宁:广西教育出版社,1997 |
| 274页;20cm.-(跨世纪学者丛书.第一辑) |
| ISBN 7-5435-2628-X(精装):CNY20.00 |
| ● |
| 相关链接 |
|
|
|
|
正题名:反形而上学与现代美学精神
索取号:B83/JY40
 
预约/预借
| 序号 | 登录号 | 条形码 | 馆藏地/架位号 | 状态 | 备注 |
| 1 | 7857096 | 278570967 | 学院路分馆/ [索取号:B83/JY40] | 在馆 |